Boy Meets World Cast (Pictures) - Statistics

General Stats
  • This quiz has been taken 92 times
  • The average score is 9 of 12
Answer Stats
Picture Answer % Correct
Cory Matthews
100%
Shawn Hunter
96%
Eric Matthews
94%
George Feeny
91%
Topanga Lawrence
85%
Alan Matthews
82%
Morgan Matthews
81%
Amy Matthews
79%
Jack Hunter
72%
Jonathan Turner
60%
Angela Moore
36%
Rachel McGuire
31%
No matching quizzes found
Score Distribution
Percent of People with Each Score
Percentile by Number Answered
Your Score History
You have not taken this quiz